How many cities in Washington can you name? (cityquiz.io) - Statistics

General Stats
  • This quiz has been taken 1,131 times
  • The average score is 67 of 651
Answer Stats
County Population Answer % Correct
King 737,015 Seattle
83%
Spokane 228,989 Spokane
77%
Pierce 219,346 Tacoma
74%
Clark 190,915 Vancouver
66%
Yakima 96,968 Yakima
65%
Snohomish 110,629 Everett
63%
Thurston 55,605 Olympia
63%
King 151,854 Bellevue
61%
King 136,588 Kent
57%
Whatcom 91,482 Bellingham
55%
Walla Walla 34,060 Walla Walla
54%
King 106,785 Renton
51%
Spokane 102,976 Spokane Valley
51%
Clallam 19,960 Port Angeles
50%
King 101,030 Federal Way
49%
Clallam 3,335 Forks
47%
Benton 83,921 Kennewick
47%
King 73,256 Redmond
47%
King 92,175 Kirkland
44%
Chelan 4,222 Chelan
43%
Chelan 35,508 Wenatchee
43%
Benton 60,560 Richland
42%
King 87,256 Auburn
41%
Snohomish 70,714 Marysville
41%
Skagit 35,219 Mount Vernon
41%
Snohomish 10,126 Snohomish
40%
Grays Harbor 17,013 Aberdeen
39%
Whitman 32,901 Pullman
39%
Chelan 2,263 Leavenworth
38%
Franklin 77,108 Pasco
37%
King 58,608 Shoreline
36%
Kitsap 43,505 Bremerton
35%
Grant 25,146 Moses Lake
35%
Clallam 8,024 Sequim
35%
Snohomish 42,853 Edmonds
34%
Kittitas 18,666 Ellensburg
34%
King 40,051 Issaquah
34%
Okanogan 2,379 Okanogan
34%
Pierce 42,973 Puyallup
34%
King 67,455 Sammamish
34%
King 31,454 SeaTac
34%
Lewis 18,183 Centralia
33%
King 48,161 Bothell
32%
Cowlitz 37,818 Longview
32%
Asotin 1,204 Asotin
31%
King 14,121 Snoqualmie
31%
Skagit 17,637 Anacortes
30%
Snohomish 19,686 Arlington
30%
Thurston 53,526 Lacey
29%
Pierce 63,612 Lakewood
29%
Snohomish 38,568 Lynnwood
29%
Jefferson 10,148 Port Townsend
29%
King 21,798 Tukwila
29%
Whatcom 5,884 Blaine
28%
Clark 26,065 Camas
28%
Lewis 7,439 Chehalis
27%
San Juan 2,613 Friday Harbor
27%
Spokane 7,576 Mead
27%
Pacific 1,688 Long Beach
26%
King 25,748 Mercer Island
26%
King 7,461 North Bend
26%
King 7,235 Pacific
26%
Adams 1,767 Ritzville
26%
Pierce 10,999 Fife
25%
Pierce 12,029 Gig Harbor
25%
Adams 8,549 Othello
25%
Clark 20,743 Battle Ground
24%
King 52,066 Burien
24%
King 32,888 Des Moines
23%
Snohomish 35,630 Lake Stevens
23%
Island 24,622 Oak Harbor
23%
Grays Harbor 6,715 Ocean Shores
23%
Cowlitz 2,446 Castle Rock
22%
Whatcom 15,048 Ferndale
22%
Snohomish 19,699 Monroe
22%
Kitsap 15,587 Port Orchard
22%
Grant 7,543 Quincy
22%
Kitsap 24,825 Bainbridge Island
21%
Skagit 9,152 Burlington
21%
Grant 809 George
21%
Clallam 935 Neah Bay
21%
Pend Orielle 2,114 Newport
21%
Okanogan 4,860 Omak
21%
Kitsap 11,975 Poulsbo
21%
Asotin 7,161 Clarkston
20%
Kittitas 2,157 Cle Elum
20%
Douglas 14,158 East Wenatchee
20%
Cowlitz 12,720 Kelso
20%
King 28,013 Maple Valley
20%
Yakima 16,375 Sunnyside
20%
Chelan 3,248 Cashmere
19%
Stevens 4,917 Colville
19%
King 12,543 Enumclaw
19%
Kittitas 1,438 Kittitas
19%
Whatcom 15,749 Lynden
19%
Skagit 12,421 Sedro-Woolley
19%
Mason 10,371 Shelton
19%
Thurston 25,350 Tumwater
19%
Benton 16,295 West Richland
19%
Grays Harbor 3,438 Elma
18%
Grant 8,477 Ephrata
18%
Whitman 562 Garfield
18%
Thurston 2,369 Rainier
18%
Ferry 992 Republic
18%
Clark 17,039 Washougal
18%
King 13,069 Woodinville
18%
Thurston 10,617 Yelm
18%
Snohomish 20,926 Mill Creek
17%
Snohomish 21,538 Mukilteo
17%
Benton 6,062 Prosser
17%
Clark 10,319 Ridgefield
17%
Pierce 35,476 Spanaway
17%
Pierce 10,621 Sumner
17%
Mason 683 Union
17%
Pierce 34,866 University Place
17%
Benton 3,479 Benton City
16%
King 20,777 Covington
16%
Grays Harbor 8,776 Hoquiam
16%
Kitsap 2,515 Kingston
16%
Adams 535 Lind
16%
Chelan 1,523 Manson
16%
Pacific 1,746 South Bend
16%
Snohomish 7,705 Stanwood
16%
Okanogan 504 Winthrop
16%
Douglas 2,141 Bridgeport
15%
Spokane 13,255 Cheney
15%
Lincoln 1,703 Davenport
15%
Spokane 4,383 Deer Park
15%
Klickitat 3,453 Goldendale
15%
King 23,914 Kenmore
15%
Island 1,147 Langley
15%
Kitsap 20,733 Silverdale
15%
King 11,055 Vashon
15%
Douglas 1,134 Waterville
15%
Cowlitz 6,531 Woodland
15%
Spokane 10,757 Airway Heights
14%
King 4,697 Black Diamond
14%
Skagit 801 Concrete
14%
Grant 549 Coulee City
14%
Snohomish 2,403 Gold Bar
14%
Pacific 1,087 Ilwaco
14%
Klickitat 320 Klickitat
14%
Clark 3,424 La Center
14%
King 2,915 Medina
14%
Grays Harbor 4,138 Montesano
14%
Snohomish 21,286 Mountlake Terrace
14%
King 13,017 Newcastle
14%
Clark 27,729 Orchards
14%
Whatcom 1,191 Point Roberts
14%
Pacific 3,081 Raymond
14%
Pierce 64,708 South Hill
14%
Whatcom 1,583 Sumas
14%
Grays Harbor 2,213 Westport
14%
Whatcom 10,115 Birch Bay
13%
Pierce 22,487 Bonney Lake
13%
Whitman 2,782 Colfax
13%
Columbia 2,448 Dayton
13%
Chelan 1,326 Entiat
13%
Pierce 32,658 Graham
13%
Adams 79 Hatton
13%
Cowlitz 2,959 Kalama
13%
King 13,630 Lake Forest Park
13%
Spokane 12,003 Liberty Lake
13%
Spokane 4,874 Medical Lake
13%
Pierce 8,697 Milton
13%
Grays Harbor 715 Oakville
13%
Yakima 8,854 Toppenish
13%
Lewis 629 Vader
13%
Franklin 1,747 West Pasco
13%
Clark 1,688 Yacolt
13%
Asotin 25 Anatone
12%
King 2,158 Carnation
12%
Chelan 340 Chelan Falls
12%
Clallam 386 Clallam Bay
12%
Island 1,942 Coupeville
12%
Grant 956 Electric City
12%
Whatcom 2,888 Everson
12%
Benton 6,152 Finley
12%
Clark 20,973 Five Corners
12%
Grant 972 Grand Coulee
12%
Clark 23,569 Hazel Dell
12%
Pierce 9,041 Orting
12%
Grant 1,691 Soap Lake
12%
Adams 211 Washtucna
12%
Snohomish 6,560 Brier
11%
Island 17,356 Camano
11%
Franklin 5,441 Connell
11%
King 8,034 Duvall
11%
Yakima 10,907 Grandview
11%
Snohomish 155 Index
11%
Skagit 965 La Conner
11%
Franklin 385 Mesa
11%
Yakima 1,084 Naches
11%
Okanogan 1,795 Oroville
11%
Pierce 38,623 Parkland
11%
Pierce 816 Roy
11%
Clallam 24 Sekiu
11%
King 161 Skykomish
11%
Chelan 1,522 South Wenatchee
11%
Pierce 6,727 Steilacoom
11%
Skamania 1,491 Stevenson
11%
Lewis 631 Toledo
11%
Okanogan 992 Twisp
11%
Pierce 212 Alder
10%
King 3,290 Algona
10%
Pierce 5,114 Buckley
10%
Wahkiakum 560 Cathlamet
10%
Okanogan 1,211 Coulee Dam
10%
Pierce 10,151 DuPont
10%
King 2,032 Fall City
10%
Whatcom 300 Glacier
10%
Clallam 412 Jamestown
10%
Clark 1,860 Lewisville
10%
Lewis 1,888 Napavine
10%
King 6,771 Normandy Park
10%
Lewis 319 Packwood
10%
Garfield 1,389 Pomeroy
10%
Clallam 3,159 Port Angeles East
10%
Okanogan 329 Riverside
10%
Thurston 6,064 Rochester
10%
Kittitas 950 Roslyn
10%
Kittitas 372 Snoqualmie Pass
10%
Snohomish 5,146 Sultan
10%
Grant 2,449 Warden
10%
King 16,631 White Center
10%
Whatcom 229 Acme
9%
Clark 1,800 Amboy
9%
Okanogan 1,983 Brewster
9%
Clallam 1,100 Carlsborg
9%
Asotin 7,275 Clarkston Heights - Vineland
9%
Island 956 Clinton
9%
Walla Walla 9,902 College Place
9%
Snohomish 1,462 Darrington
9%
Pierce 12,327 Edgewood
9%
Snohomish 4,450 Granite Falls
9%
Skagit 299 Hamilton
9%
Clark 6,105 Hockinson
9%
Stevens 1,636 Kettle Falls
9%
Grant 49 Krupp
9%
Cowlitz 3,834 Lexington
9%
Whatcom 1,471 Nooksack
9%
Pacific 1,814 Ocean Park
9%
Whitman 1,015 Palouse
9%
Pierce 1,055 Ruston
9%
Clark 21,293 Salmon Creek
9%
Yakima 8,153 Selah
9%
Lincoln 495 Sprague
9%
Columbia 119 Starbuck
9%
Thurston 1,870 Tenino
9%
Yakima 6,568 Union Gap
9%
Lewis 1,472 Winlock
9%
Mason 4,279 Belfair
8%
Clark 2,749 Brush Prairie
8%
Pacific 457 Chinook
8%
Skagit 87 Conway
8%
Cowlitz 118 Cougar
8%
Whatcom 339 Deming
8%
Clark 1,718 Duluth
8%
Kittitas 407 Easton
8%
Clark 9,526 Felida
8%
Clark 7,056 Lake Shore
8%
Clark 11,871 Minnehaha
8%
King 555 Ravensdale
8%
Spokane 522 Rockford
8%
Spokane 280 Spangle
8%
Stevens 234 Springdale
8%
Yakima 4,607 Wapato
8%
Pierce 303 Ashford
7%
Clark 8,567 Barberton
7%
Clallam 875 Bell Hill
7%
Kitsap 4,073 Bethel
7%
Clallam 108 Blyn
7%
Pierce 1,578 Clear Lake
7%
Skagit 1,229 Clear Lake
7%
King 3,126 Clyde Hill
7%
Grays Harbor 1,638 Cosmopolis
7%
Clark 1,246 Dollars Corner
7%
Pierce 2,845 Eatonville
7%
King 19,396 Fairwood
7%
Spokane 10.541 Fairwood
7%
Island 2,252 Freeland
7%
Thurston 3,301 Grand Mound
7%
Yakima 3,624 Granger
7%
Pend Orielle 428 Ione
7%
Franklin 147 Kahlotus
7%
Kitsap 5,714 Manchester
7%
Douglas 326 Mansfield
7%
Whatcom 291 Maple Falls
7%
Clark 2,758 Meadow Glade
7%
Clark 10,051 Mount Vista
7%
Grays Harbor 232 Ocean City
7%
Lincoln 896 Odessa
7%
Snohomish 172 Oso
7%
Lewis 642 Pe Ell
7%
Jefferson 2,959 Port Ludlow
7%
Jefferson 598 Quilcene
7%
Clallam 495 River Road
7%
Douglas 1,279 Rock Island
7%
Whitman 599 St. John
7%
Whatcom 6,354 Sudden Valley
7%
Chelan 4,041 Sunnyslope
7%
Okanogan 1,103 Tonasket
7%
Clark 3,990 Venersborg
7%
Klickitat 2,485 White Salmon
7%
Lincoln 895 Wilbur
7%
Snohomish 1,318 Woodway
7%
Yakima 3,179 Zillah
7%
Snohomish 13,970 Bothell East
6%
Skagit 203 Bow
6%
King 17,397 Bryn Mawr-Skyway
6%
Skamania 2,323 Carson
6%
Clark 588 Cherry Grove
6%
Stevens 2,470 Chewelah
6%
Grays Harbor 447 Copalis Beach
6%
Ferry 105 Curlew
6%
Whatcom 518 Custer
6%
Spokane 589 Fairfield
6%
Whitman 131 Farmington
6%
Pierce 14,052 Fort Lewis
6%
Grays Harbor 847 Grayland
6%
King 6,767 Hobart
6%
Whatcom 769 Kendall
6%
Pierce 12,962 Lake Tapps
6%
Whitman 79 Lamont
6%
Skagit 286 Marblemount
6%
Snohomish 21,660 Martha Lake
6%
Grant 3,335 Mattawa
6%
Grays Harbor 1,997 McCleary
6%
Pend Orielle 162 Metaline
6%
Spokane 1,881 Millwood
6%
Lewis 1,036 Morton
6%
Grant 4,050 Moses Lake North
6%
Lewis 768 Mossyrock
6%
Yakima 4,326 Moxee
6%
Stevens 297 Northport
6%
Grays Harbor 280 Pacific Beach
6%
Okanogan 593 Pateros
6%
Whatcom 3,015 Peaceful Valley
6%
Lincoln 637 Rearden
6%
Skagit 90 Rockport
6%
Whitman 598 Rosalia
6%
Grant 1,776 Royal City
6%
Pierce 8,270 Summit
6%
Kitsap 4,266 Suquamish
6%
Whitman 817 Tekoa
6%
Kittitas 232 Thorp
6%
Klickitat 672 Trout Lake
6%
Kittitas 54 Vantage
6%
Walla Walla 1,166 Waitsburg
6%
Clark 9,790 Walnut Grove
6%
Spokane 121 Waverly
6%
Asotin 5,488 West Clarkston - Highlands
6%
King 1,134 Yarrow Point
6%
Whitman 550 Albion
5%
Mason 2,194 Allyn
5%
Lincoln 318 Almira
5%
Snohomish 2,477 Arlington Heights
5%
King 255 Baring
5%
Snohomish 22,015 Bothell West
5%
Jefferson 907 Brinnon
5%
Walla Walla 3,499 Burbank
5%
Pierce 734 Carbonado
5%
Whitman 401 Colton
5%
Okanogan 193 Conconully
5%
King 22,857 Cottage Lake
5%
Pierce 963 Dash Point
5%
Snohomish 24,059 Eastmont
5%
King 11,937 East Renton Highlands
5%
Skagit 240 Edison
5%
Pierce 39 Elbe
5%
Clark 2,061 Fern Prairie
5%
Pierce 3,921 Fox Island
5%
Pierce 24,906 Frederickson
5%
Whatcom 2,652 Geneva
5%
Lincoln 429 Harrington
5%
Grant 180 Hartline
5%
Mason 419 Hoodsport
5%
Grays Harbor 236 Humptulips
5%
King 457 Hunts Point
5%
Whitman 297 LaCrosse
5%
Snohomish 15,413 Lake Stickney
5%
Spokane 185 Latah
5%
Cowlitz 4,033 Longview Heights
5%
Skagit 423 Lyman
5%
Stevens 216 Marcus
5%
Whatcom 4,015 Marietta-Alderwood
5%
Pend Orielle 272 Metaline Falls
5%
Skamania 1,397 North Bonneville
5%
Snohomish 22,802 North Lynnwood
5%
Snohomish 108 North Marysville
5%
Whitman 395 Oakesdale
5%
Jefferson 3,983 Port Hadlock-Irondale
5%
Walla Walla 372 Prescott
5%
Grays Harbor 136 Queets
5%
San Juan 662 Roche Harbor
5%
Klickitat 152 Roosevelt
5%
Wahkiakum 340 Rosburg
5%
Cowlitz 383 Ryderwood
5%
Mason 615 Skokomish
5%
Kittitas 559 South Cle Elum
5%
Grays Harbor 776 Taholah
5%
Yakima 1,389 Tieton
5%
Pacific 158 Tokeland
5%
Whitman 389 Uniontown
5%
Pierce 499 Wilkeson
5%
Grant 204 Wilson Creek
5%
Snohomish 10,198 Alderwood Manor
4%
Skagit 507 Alger
4%
Pierce 1,302 Anderson Island
4%
Pierce 13,641 Artondale
4%
Cowlitz 2,211 Beacon Hill
4%
King 317 Beaux Arts Village
4%
Grant 266 Beverly
4%
Klickitat 778 Bingen
4%
Lincoln 213 Creston
4%
Pend Orielle 153 Cusick
4%
Wahkiakum 248 Grays River
4%
Kitsap 3,410 Hansville
4%
Kitsap 3,664 Indianola
4%
Pierce 372 Kapowsin
4%
Grant 1,068 Lakeview
4%
Klickitat 518 Lyle
4%
Yakima 1,959 Mabton
4%
Whitman 216 Malden
4%
Snohomish 11,277 Maltby
4%
Klickitat 55 Maryhill
4%
Lewis 657 Onalaska
4%
Snohomish 9,768 Picnic Point
4%
Wahkiakum 922 Puget Island
4%
Kitsap 1,143 Seabeck
4%
Whitman 160 Steptoe
4%
Spokane 5,068 Town and Country
4%
Kitsap 5,967 Tracyton
4%
Cowlitz 5,517 West Side Highway
4%
Pacific 208 Willapa
4%
Grays Harbor 279 Aberdeen Gardens
3%
Stevens 210 Addy
3%
Pierce 3,274 Alderton
3%
Grays Harbor 162 Amanda Park
3%
King 1,524 Ames Lake
3%
Pacific 253 Bay Center
3%
Skagit 2,980 Big Lake
3%
Pierce 1,263 Browns Point
3%
Thurston 600 Bucoda
3%
Snohomish 5,232 Cavalero
3%
Kitsap 2,723 Chico
3%
Stevens 420 Clayton
3%
Spokane 6,251 Country Homes
3%
Klickitat 1,328 Dallesport
3%
Ferry 51 Danville
3%
Grant 2,288 Desert Aire
3%
King 29,878 East Hill-Meridian
3%
Okanogan 239 Elmer City
3%
Whitman 312 Endicott
3%
Spokane 2,695 Fairchild AFB
3%
Pierce 1,882 Fife Heights
3%
Pierce 7,156 Fircrest
3%
Spokane 537 Four Lakes
3%
Klickitat 179 Glenwood
3%
Kitsap 605 Gorst
3%
Mason 991 Grapeview
3%
Spokane 697 Green Bluff
3%
Pierce 95 Greenwater
3%
Snohomish 91 Hat Island
3%
Pierce 1,543 Home
3%
Ferry 431 Inchelium
3%
Grays Harbor 18 Junction CIty
3%
Pierce 20 Ketron Island
3%
Kitsap 576 Keyport
3%
Snohomish 1,268 Lake Ketchum
3%
King 13,169 Lakeland South
3%
Ferry 4 Laurier
3%
Stevens 898 Loon Lake
3%
Ferry 32 Malo
3%
Pierce 5,469 Maplewood
3%
Pierce 678 McKenna
3%
Pierce 9,962 Midland
3%
Snohomish 24,912 Mill Creek East
3%
Grays Harbor 211 Moclips
3%
Pacific 421 Naselle
3%
Grays Harbor 299 Neilton
3%
Okanogan 180 Nespelem
3%
Okanogan 651 North Omak
3%
Pierce 1,837 North Puyallup
3%
Ferry 75 Orient
3%
Spokane 6,299 Otis Orchards-East Farms
3%
Yakima 158 Parker
3%
Pierce 1,668 Purdy
3%
Kittitas 439 Ronald
3%
Grays Harbor 52 Santiago
3%
Grays Harbor 696 Satsop
3%
Snohomish 22,174 Silver Firs
3%
Pierce 373 South Prairie
3%
Kitsap 2,362 Southworth
3%
Snohomish 859 Startup
3%
Pierce 9,758 Summit View
3%
Yakima 2,066 Summitview
3%
Spokane 5,413 Suncrest
3%
King 1,018 Tanner
3%
Snohomish 3,941 Three Lakes
3%
Ferry 99 Twin Lakes
3%
Stevens 149 Valley
3%
Pierce 8,189 Waller
3%
Walla Walla 140 Wallula
3%
Island 1,671 Whidbey Island Station
3%
Yakima 789 White Swan
3%
Klickitat 366 Wishram
3%
Pierce 6,769 Wollochet
3%
Yakima 4,046 Ahtanum
2%
Wahkiakum 56 Altoona
2%
Ferry 114 Barney's Junction
2%
Ferry 66 Barstow
2%
Franklin 1,063 Basin City
2%
Skagit 812 Bay View
2%
Klickitat 92 Bickleton
2%
Ferry 34 Boyds
2%
Grays Harbor 692 Brady
2%
Yakima 1,048 Buena
2%
Snohomish 3,680 Bunk Foss
2%
Pierce 3,572 Canterwood
2%
Grant 4,332 Cascade Valley
2%
Snohomish 2,647 Cathcart
2%
Klickitat 94 Centerville
2%
Grays Harbor 2,841 Central Park
2%
Pierce 7,161 Clover Creek
2%
Grant 325 Crescent Bar
2%
Pierce 1,450 Crocker
2%
Ferry 512 Curlew Lake
2%
Walla Walla 225 Dixie
2%
Wahkiakum 578 East Cathlamet
2%
Pierce 14,534 Elk Plain
2%
Snohomish 4,007 Esperance
2%
Snohomish 2,628 Fobes Hill
2%
Lewis 2,234 Fords Prairie
2%
Yakima 2,873 Gleed
2%
Snohomish 3,140 High Bridge
2%
Grays Harbor 86 Hogans Corner
2%
King 22,707 Inglewood-Finn Hill
2%
Ferry 229 Keller
2%
Pierce 3,863 Key Center
2%
Kitsap 1,997 Kitsap Lake
2%
Snohomish 4,462 Lake Goodwin
2%
King 13,663 Lakeland North
2%
Skagit 382 Lake McMurray
2%
King 10,474 Lake Morton-Berrydale
2%
Snohomish 611 Lake Roesiger
2%
Pacific 150 Lebam
2%
Snohomish 2,806 Lochsloy
2%
Pierce 4,141 Longbranch
2%
Okanogan 161 Loomis
2%
Snohomish 1,264 Machias
2%
Grays Harbor 468 Malone
2%
Grant 405 Marine View
2%
Grays Harbor 119 Markham
2%
Pierce 3,188 McChord AFB
2%
Pierce 1,624 Mcmillin
2%
Snohomish 3,148 Meadowdale
2%
Okanogan 92 Methow
2%
Lewis 193 Mineral
2%
King 3,858 Mirrormont
2%
Kitsap 2,759 Navy Yard City
2%
Yakima 146 Nile
2%
Thurston 668 Nisqually Indian Community
2%
Snohomish 256 North Sultan
2%
Grays Harbor 502 Ocosta
2%
Yakima 317 Outlook
2%
Garfield 106 Pataha
2%
Ferry 129 Pine Grove
2%
Kitsap 1,010 Port Gamble Tribal Community
2%
Pierce 12,288 Prairie Ridge
2%
Grays Harbor 320 Qui-nai-elt Village
2%
King 2,123 Riverbend
2%
King 6,407 Riverton
2%
Pierce 4,357 Rosedale
2%
King 2,396 Shadow Lake
2%
Snohomish 97 Silvana
2%
Pierce 5,784 Tehaleh
2%
Yakima 9,244 Terrace Heights
2%
Ferry 43 Torboy
2%
Walla Walla 425 Touchet
2%
King 22,683 Union Hill-Novelty Hill
2%
Pierce 565 Vaughn
2%
Snohomish 340 Verlot
2%
Walla Walla 2,286 Walla Walla East
2%
Snohomish 2,990 Warm Beach
2%
Grant 74 Wheeler
2%
Snohomish 6,017 Woods Creek
2%
Kitsap 5,482 Bangor Base
1%
Grant 234 Banks Lake South
1%
King 4,094 Boulevard Park
1%
Snohomish 2,128 Bryant
1%
Kitsap 2,081 Burley
1%
Snohomish 3,445 Canyon Creek
1%
Snohomish 4,806 Chain Lake
1%
Snohomish 3,648 Clearview
1%
Yakima 119 Cliffdell
1%
Grays Harbor 771 Cohassett Beach
1%
Yakima 535 Cowiche
1%
Wahkiakum 217 Deep River
1%
Okanogan 47 Disautel
1%
Yakima 172 Donald
1%
King 4,958 Eastgate
1%
Kitsap 5,262 East Port Orchard
1%
Kitsap 2,497 Enetai
1%
Kitsap 916 Erlands Point
1%
Kitsap 2,935 Erlands Point-Kitsap Lake
1%
Yakima 441 Eschbach
1%
Walla Walla 1,771 Garrett
1%
Yakima 585 Harrah
1%
Pierce 150 Herron Island
1%
Snohomish 1,883 Kayak Point
1%
King 13,065 Kingsgate
1%
King 10,674 Klahanie
1%
Pierce 121 La Grande
1%
Snohomish 3,757 Lake Cassidy
1%
Skagit 200 Lake Cavanaugh
1%
King 3,430 Lake Holm
1%
King 1,334 Lake Marcel-Stillwater
1%
Snohomish 4,993 Larch Way
1%
Kitsap 2,211 Lofall
1%
Wahkiakum 275 Lower Elochoman
1%
Okanogan 464 Malott
1%
King 3,873 Maple Heights-Lake Desire
1%
Jefferson 995 Marrowstone
1%
Snohomish 849 May Creek
1%
Snohomish 1,796 Monroe North
1%
Okanogan 283 Nespelem Community
1%
Pierce 5,978 North Fort Lewis
1%
Snohomish 137 Northwest Stanwood
1%
Thurston 3,140 North Yelm
1%
Grays Harbor 79 Oyehut
1%
Kitsap 7,635 Parkwood
1%
Grays Harbor 204 Porter
1%
Pierce 4,561 Prairie Heights
1%
Pierce 490 Raft Island
1%
King 774 Riverpoint
1%
Kitsap 1,615 Rocky Point
1%
Grant 215 Schwana
1%
Snohomish 3,140 Sisco Heights
1%
Wahkiakum 487 Skamokawa Valley
1%
Snohomish 1,184 Sunday Lake
1%
Grant 179 Sunland Estates
1%
Snohomish 839 Swede Heaven
1%
Yakima 467 Tampico
1%
Thurston 6,265 Tanglewilde
1%
Wahkiakum 178 Upper Elochoman
1%
Pierce 4,421 Wauna
1%
King 1,617 Wilderness Rim
1%
Snohomish 868 Lake Bosworth
0%
Pierce 2,519 South Creek
0%
Pierce 2,087 Stansberry Lake
0%
No matching quizzes found
Score Distribution
Percent of People with Each Score
Percentile by Number Answered
Your Score History
You have not taken this quiz